000 00380nam a2200145Ia 4500
008 210312s9999||||xx |||||||||||||| ||und||
041 _aosm
050 _aDR572
050 _bC54
100 _aÇığıraçan, İbrahim Hilmi
245 0 _aZavallı millet
245 0 _bFelâketlerimizin esbabı
260 _c1329
650 _aEğitim--Tarih--Türkiye Kadınlar--Tarih--Türkiye
999 _c22378
_d22378